书目信息 |
| 题名: |
LangChain技术解密
|
|
| 作者: | 王浩帆 编著 | |
| 分册: | ||
| 出版信息: | 北京 电子工业出版社 2024.05 |
|
| 页数: | XIII, 366页 | |
| 开本: | 24cm | |
| 丛书名: | ||
| 单 册: | ||
| 中图分类: | TP311.561 | |
| 科图分类: | ||
| 主题词: | 程序开发工具--cheng xu kai fa gong ju | |
| 电子资源: | ||
| ISBN: | 978-7-121-47737-9 | |
| 000 | 01335nam0 2200289 450 | |
| 001 | 89520 | |
| 005 | 20250814162039.74 | |
| 010 | @a978-7-121-47737-9@dCNY118.00 | |
| 099 | @aCAL 012024065688 | |
| 100 | @a20240620d2024 em y0chiy50 ea | |
| 101 | 0 | @achi |
| 102 | @aCN@b110000 | |
| 105 | @aak z 000yy | |
| 106 | @ar | |
| 200 | 1 | @aLangChain技术解密@ALangChain ji shu jie mi@e构建大模型应用的全景指南@f王浩帆编著 |
| 210 | @a北京@c电子工业出版社@d2024.05 | |
| 215 | @aXIII, 366页@c图@d24cm | |
| 300 | @a博文视点 | |
| 314 | @a王浩帆, 从事影视及游戏相关流程开发十余年, 长期关注并探索大语言模型及其他人工智能技术在影视及游戏行业的应用落地。作为开源技术爱好者和LangChain Contributer, 不仅积极为LangChain等开源项目贡献力量, 也致力于开发个人的开源项目。 | |
| 330 | @a本书共10章, 分别介绍了LangChain的开发环境搭建、模型、提示、数据连接、链、记忆、代理、回调及周边生态等内容, 并用三个案例, 即基于Streamlit实现聊天机器人、基于Chainlit实现PDF问答机器人、零代码AI应用构建平台Flowise, 将前面大语言模型的内容学以致用。 | |
| 517 | 1 | @a构建大模型应用的全景指南@Agou jian da mo xing ying yong de quan jing zhi nan |
| 606 | 0 | @a程序开发工具@Acheng xu kai fa gong ju |
| 610 | 0 | @aLangChain |
| 690 | @aTP311.561@v5 | |
| 701 | 0 | @a王浩帆@Awang hao fan@4编著 |
| 801 | 0 | @aCN@c20250909 |
| 905 | @a河南城建学院图书馆@dTP311.561@eW201@f1 | |
| LangChain技术解密:构建大模型应用的全景指南/王浩帆编著.-北京:电子工业出版社,2024.05 |
| XIII, 366页:图;24cm |
| 博文视点 |
| ISBN 978-7-121-47737-9:CNY118.00 |
| 本书共10章, 分别介绍了LangChain的开发环境搭建、模型、提示、数据连接、链、记忆、代理、回调及周边生态等内容, 并用三个案例, 即基于Streamlit实现聊天机器人、基于Chainlit实现PDF问答机器人、零代码AI应用构建平台Flowise, 将前面大语言模型的内容学以致用。 |
| ● |
| 相关链接 |
|
|
|
正题名:LangChain技术解密
索取号:TP311.561/W201
 
预约/预借
| 序号 | 登录号 | 条形码 | 馆藏地/架位号 | 状态 | 备注 |
| 1 | 1623482 | 216234821 | 自科库301/301自科库 51排4列2层/ [索取号:TP311.561/W201] | 在馆 |